Routledge handbook of crime science (Registro nro. 324183)

Detalles MARC
000 -ENCABEZADO
Número de control [NR] 00875nam a22002297a 4500
005 - FECHA Y HORA DE LA ÚLTIMA TRANSACCIÓN
control field 20240514110637.0
008 - DE LONGITUD FIJA DE DATOS DE ELEMENTOS - INFORMACIÓN GENERAL
Elementos de longitud fija [NR] 240514b ||||| |||| 00| 0 eng d
020 ## - NUMERO INTERNACIONAL NORMALIZADO PARA LIBROS [R]
Número Internacional Normalizado del libro [NR] 9780415826266 (hbk)
020 ## - NUMERO INTERNACIONAL NORMALIZADO PARA LIBROS [R]
Número Internacional Normalizado del libro [NR] 9780367580414 (pbk)
040 ## - FUENTE DE CATALOGACION [NR]
Agencia de catalogación original [NR] CO-BoUCM
Quien Cataloga David Moreno
Quien Clasifica David Moreno
041 ## - CODIGO DE IDIOMA [R]
Código de idioma para texto/pista de sonido o título separado [R] Inglés
245 00 - MENCION DE TITULO [NR]
Título [NR] Routledge handbook of crime science
Mención de responsabilidad, etc. [NR] edited by Richard Wortley
260 ## - PUBLICACION, DISTRIBUCION, ETC. (PIE DE IMPRENTA) [R]
Lugar de publicación, distribución, etc. [R] London
-- New York
Nombre del editor, distribuidor, etc. [R] Routledge, Taylor & Francis GRoup
Fecha de publicación, distribución, etc. [R] 2019
300 ## - DESCRIPCION FISICA [R]
Extensión [R] xx, 474 Paginas
504 ## - NOTA DE BIBLIOGRAFIA, ETC. [R]
Nota de bibliografía, etc. [NR] Incluye referencias bibliográficas e índices
650 14 - ASIENTO SECUNDARIO DE MATERIA - TERMINO TEMATICO [R]
Término temático o nombre geográfico como elemento de entrada [NR] Ciencias forenses
Subdivisión general [R] Investigacion criminal
9 (RLIN) 180694
650 14 - ASIENTO SECUNDARIO DE MATERIA - TERMINO TEMATICO [R]
Término temático o nombre geográfico como elemento de entrada [NR] Psicología criminal
Subdivisión general [R] Ciencia
9 (RLIN) 180695
650 14 - ASIENTO SECUNDARIO DE MATERIA - TERMINO TEMATICO [R]
Término temático o nombre geográfico como elemento de entrada [NR] Antropologia forense
Subdivisión general [R] Criminología
9 (RLIN) 180696
700 1# - ASIENTO SECUNDARIO - NOMBRE PERSONAL [R]
Nombre personal [NR] Wortley, Richard
Término de relación [R] editor
Forma más completa del nombre [NR] Richard K.
9 (RLIN) 180697
942 ## - ELEMENTOS DE ENTRADA AGREGADOS (KOHA)
Sistema de clasificación DEWEY
Tema principal Derecho
Tipo de ítem principal el descrito en 300a Libro
Edición 1
Clasificación 364
Parte restante de la signatura top. W935r
Título oculto en OPAC No
Existencias
Signatura topográfica Código de barras Última vez visto Ejemplar Price effective from Tipo de ítem Nota pública (OPAC) Perdido Sistema de clasificación Dañado No prestable Tipo de ítem específico Suprimido Ubicación habitual Ubicación actual Localización Fecha de creación Forma de adquisición Costo
364 W935r 100172529 04/12/2025 Ej.1 14/05/2024 Libro Spot Criminología e Investigación Criminal   DEWEY     Libro   Claustro Claustro 3er piso 14/05/2024 Compra 200464.00